Fronteras/ (Record no. 3820)

MARC details
000 -LEADER
campo de control de longitud fija 01583nam a22003737a 4500
003 - IDENTIFICADOR DE NÚMERO DE CONTROL
campo de control OSt
005 - FECHA Y HORA DE LA ÚLTIMA TRANSACCIÓN
campo de control 20230608100749.0
008 - DATOS DE LONGITUD FIJA--INFORMACIÓN GENERAL
campo de control de longitud fija 221006b |||||||| |||| 00| 0 eng d
040 ## - FUENTE DE CATALOGACIÓN
Centro/agencia transcriptor Biblioteca Lado V
082 ## - NÚMERO DE LA CLASIFICACIÓN DECIMAL DEWEY
Número de clasificación 800
Número de ítem C823f
100 ## - ENTRADA PRINCIPAL--NOMBRE DE PERSONA
9 (RLIN) 848
Nombre de persona Corrales Arias, Adriano
Término indicativo de función/relación director
245 ## - MENCIÓN DEL TÍTULO
Título Fronteras/
260 ## - PUBLICACIÓN, DISTRIBUCIÓN, ETC.
Lugar de publicación, distribución, etc. Instituto Tecnológico de Costa Rica
Fecha de publicación, distribución, etc. 2001
Nombre del editor, distribuidor, etc. Costa Rica
300 ## - DESCRIPCIÓN FÍSICA
Dimensiones 21.5x31cm
Extensión 84p.
366 ## - INFORMACIÓN SOBRE DISPONIBILIDAD COMERCIAL
Nota spa
490 ## - MENCIÓN DE SERIE
Mención de serie 10
Designación de volumen o secuencia 2001
Número Internacional Normalizado para Publicaciones Seriadas 1409-0236
505 ## - NOTA DE CONTENIDO CON FORMATO
Título EDITORIAL
505 ## - NOTA DE CONTENIDO CON FORMATO
Título Tertulia
Nota de contenido con formato El grupo 8 democratizo el arte costarricense
505 ## - NOTA DE CONTENIDO CON FORMATO
Título Raices
Nota de contenido con formato Miralles o el país imaginado
505 ## - NOTA DE CONTENIDO CON FORMATO
Título Reflexiones
Nota de contenido con formato La Universidad frente a la globalización<br/><br/>Gracia Monge: Editor Continental<br/><br/>Censura y autocensura en la sociedad globalizada<br/><br/>Notas sobre el IV Simposio Internacional Libertad<br/><br/>El anarquismo de Emma Goldman<br/><br/>
505 ## - NOTA DE CONTENIDO CON FORMATO
Título Comunidades
Nota de contenido con formato Homenaje a Luis Ferrero
505 ## - NOTA DE CONTENIDO CON FORMATO
Título Trapiche
Nota de contenido con formato Aforismo<br/><br/>Poesia<br/><br/>Cuento: Mi abuela
505 ## - NOTA DE CONTENIDO CON FORMATO
Título Reseña Especial: Región, identidad y Cultura<br/><br/>El libro de los Gozos
505 ## - NOTA DE CONTENIDO CON FORMATO
Título ADUANA/77
505 ## - NOTA DE CONTENIDO CON FORMATO
Título A la tica
650 ## - PUNTO DE ACCESO ADICIONAL DE MATERIA--TÉRMINO DE MATERIA
Fuente del encabezamiento o término Tesauro de Arte & Arquitectura
Término de materia o nombre geográfico como elemento de entrada LITERATURA
9 (RLIN) 703
650 ## - PUNTO DE ACCESO ADICIONAL DE MATERIA--TÉRMINO DE MATERIA
Fuente del encabezamiento o término Tesauro de Arte & Arquitectura
Término de materia o nombre geográfico como elemento de entrada NARRATIVA
9 (RLIN) 702
650 ## - PUNTO DE ACCESO ADICIONAL DE MATERIA--TÉRMINO DE MATERIA
Fuente del encabezamiento o término Tesauro de Arte & Arquitectura
Término de materia o nombre geográfico como elemento de entrada CUENTO
9 (RLIN) 702
650 ## - PUNTO DE ACCESO ADICIONAL DE MATERIA--TÉRMINO DE MATERIA
Fuente del encabezamiento o término Tesauro de Arte & Arquitectura
Término de materia o nombre geográfico como elemento de entrada POESIA
650 ## - PUNTO DE ACCESO ADICIONAL DE MATERIA--TÉRMINO DE MATERIA
Fuente del encabezamiento o término Tesauro de Arte & Arquitectura
Término de materia o nombre geográfico como elemento de entrada COSTA RICA
650 ## - PUNTO DE ACCESO ADICIONAL DE MATERIA--TÉRMINO DE MATERIA
Fuente del encabezamiento o término Tesauro de Arte & Arquitectura
Término de materia o nombre geográfico como elemento de entrada CULTURA
700 ## - ENTRADA AGREGADA--NOMBRE PERSONAL
Nombre de persona Navarreta, Jose Antonio
Término indicativo de función/relación editor
942 ## - ELEMENTOS DE ENTRADA SECUNDARIOS (KOHA)
Fuente del sistema de clasificación o colocación Clasificación Decimal Dewey
Tipo de ítem Koha Libros
Parte de la signatura que corresponde a la clasificación (Parte de la clasificación) 800
Parte de la signatura que identifica el ejemplar (Parte del ítem) C823f
Suprimir en OPAC No
Holdings
Estatus retirado Estado de pérdida Fuente del sistema de clasificación o colocación Especificación de materiales (volumen encuadernado u otra parte) Estado de daño No para préstamo Colección Biblioteca de origen Biblioteca actual Fecha de adquisición Enumeración/cronología de publicación seriada Número de inventario Total de préstamos Signatura topográfica completa Código de barras Visto por última vez Precio de reemplazo Tipo de ítem Koha
    Clasificación Decimal Dewey 2001     Revistas Biblioteca LadoV Biblioteca LadoV 08/06/2023 10 003385   800 C823f 003385 08/06/2023 08/06/2023 Libros